|
|
|
|
| LEADER |
00000nam a2200000 4500 |
| 001 |
vtls012258714 |
| 003 |
SK-MaSNL |
| 005 |
20260301060659.0 |
| 008 |
240627s2023 xr a b 000 j slo |
| 020 |
|
|
|a 9788025256176
|q (viazané)
|
| 040 |
|
|
|a SNK
|b slo
|c SNK
|e rda
|
| 041 |
1 |
|
|a slo
|h eng
|
| 044 |
|
|
|a xr
|c CZ
|
| 072 |
|
7 |
|a 821-93
|x Literatúra pre deti a mládež (beletria)
|2 konspekt
|
| 080 |
|
|
|a (0:82-32)
|2 2011
|
| 080 |
|
|
|a 821-32
|2 2011
|
| 080 |
|
|
|a 82-93-053.4/.5
|2 2011
|
| 130 |
0 |
|
|a Ted Dewan
|l Slovensky
|9 372336
|
| 245 |
1 |
0 |
|a Bing a jeho dobrodružstvá
|
| 246 |
1 |
|
|i Obálkový podnázov:
|a vo vnútri 4 príbehy : Poznáte z TV!
|
| 264 |
|
1 |
|a V Prahe
|b Egmont
|c 2023
|
| 300 |
|
|
|a 123 strán
|b ilustrácie
|c 23 cm
|
| 336 |
|
|
|a text
|b txt
|2 rdacontent
|
| 336 |
|
|
|a statický obraz
|b sti
|2 rdacontent
|
| 337 |
|
|
|a bez média
|b n
|2 rdamedia
|
| 338 |
|
|
|a zväzok
|b nc
|2 rdacarrier
|
| 490 |
1 |
|
|a Bing
|
| 500 |
|
|
|a Preložené z angličtiny
|
| 500 |
|
|
|a Vydalo nakladateľstvo Egmont v spoločnosti Albatros Media a. s.
|
| 500 |
|
|
|a Obálkový názov
|
| 521 |
8 |
|
|a Pre deti od 3 rokov
|
| 655 |
|
7 |
|a príbehy
|2 SNKPH
|9 70507
|
| 655 |
|
7 |
|a literatúra pre deti
|2 SNKPH
|9 87135
|
| 655 |
|
7 |
|a Stories
|2 SNKPHeng
|9 265785
|
| 655 |
|
7 |
|a Children's literature
|2 SNKPHeng
|9 276039
|
| 710 |
2 |
|
|a Albatros Media.
|b Egmont (Praha, Česko)
|4 pbl
|9 330480
|
| 830 |
|
0 |
|a Bing (Egmont)
|9 372337
|
| 852 |
|
|
|a Slovenská národná knižnica
|
| 919 |
|
|
|a 978-80-252-5617-6
|
| 958 |
|
|
|a ZS
|
| 958 |
|
|
|a DB
|
| 958 |
|
|
|a UP
|
| 958 |
|
|
|a LX
|
| 968 |
|
|
|b ENG
|
| 999 |
|
|
|c 616062
|d 617992
|
| 952 |
|
|
|a SNK
|b SNK
|y NEVYP
|7 1
|p 17A1575525
|o snkSC 211498
|i snk2025/10091
|8 4
|g 12.99
|0 0
|1 0
|4 0
|d 2024-06-27
|l 0
|r 2026-02-23 16:38:15
|w 2026-02-23
|